<?xml version="1.0" encoding="UTF-8"?>
<record
    xmlns:xsi="http://www.w3.org/2001/XMLSchema-instance"
    xsi:schemaLocation="http://www.loc.gov/MARC21/slim http://www.loc.gov/standards/marcxml/schema/MARC21slim.xsd"
    xmlns="http://www.loc.gov/MARC21/slim">

  <leader>00245nam a2200097Ia 4500</leader>
  <controlfield tag="008">170620s9999    xx            000 0 und d</controlfield>
  <datafield tag="100" ind1=" " ind2=" ">
    <subfield code="a">Singh- Ram Nihor</subfield>
  </datafield>
  <datafield tag="245" ind1=" " ind2="0">
    <subfield code="a">Prarambhik Siksha k Naveen Prayaas</subfield>
  </datafield>
  <datafield tag="260" ind1=" " ind2=" ">
    <subfield code="b">Shahitya Prakashan- Agra</subfield>
  </datafield>
  <datafield tag="260" ind1=" " ind2=" ">
    <subfield code="c">2015</subfield>
  </datafield>
  <datafield tag="300" ind1=" " ind2=" ">
    <subfield code="a">180</subfield>
  </datafield>
  <datafield tag="999" ind1=" " ind2=" ">
    <subfield code="c">28081</subfield>
    <subfield code="d">28081</subfield>
  </datafield>
  <datafield tag="952" ind1=" " ind2=" ">
    <subfield code="0">0</subfield>
    <subfield code="1">0</subfield>
    <subfield code="2">ddc</subfield>
    <subfield code="4">0</subfield>
    <subfield code="7">0</subfield>
    <subfield code="a">16</subfield>
    <subfield code="b">16</subfield>
    <subfield code="d">2015-03-25</subfield>
    <subfield code="e">91</subfield>
    <subfield code="l">0</subfield>
    <subfield code="p">16-B-1353</subfield>
    <subfield code="r">2017-06-30</subfield>
    <subfield code="w">2017-06-30</subfield>
    <subfield code="y">01</subfield>
  </datafield>
  <datafield tag="952" ind1=" " ind2=" ">
    <subfield code="0">0</subfield>
    <subfield code="1">0</subfield>
    <subfield code="2">ddc</subfield>
    <subfield code="4">0</subfield>
    <subfield code="7">0</subfield>
    <subfield code="a">16</subfield>
    <subfield code="b">16</subfield>
    <subfield code="d">2015-03-25</subfield>
    <subfield code="e">91</subfield>
    <subfield code="l">1</subfield>
    <subfield code="p">16-B-1354</subfield>
    <subfield code="r">2018-05-15</subfield>
    <subfield code="s">2018-05-09</subfield>
    <subfield code="w">2017-06-30</subfield>
    <subfield code="y">01</subfield>
  </datafield>
  <datafield tag="952" ind1=" " ind2=" ">
    <subfield code="0">0</subfield>
    <subfield code="1">0</subfield>
    <subfield code="2">ddc</subfield>
    <subfield code="4">0</subfield>
    <subfield code="7">0</subfield>
    <subfield code="a">16</subfield>
    <subfield code="b">16</subfield>
    <subfield code="d">2015-03-25</subfield>
    <subfield code="e">91</subfield>
    <subfield code="l">1</subfield>
    <subfield code="p">16-B-1355</subfield>
    <subfield code="r">2018-05-14</subfield>
    <subfield code="s">2018-05-09</subfield>
    <subfield code="w">2017-06-30</subfield>
    <subfield code="y">01</subfield>
  </datafield>
  <datafield tag="952" ind1=" " ind2=" ">
    <subfield code="0">0</subfield>
    <subfield code="1">0</subfield>
    <subfield code="2">ddc</subfield>
    <subfield code="4">0</subfield>
    <subfield code="7">0</subfield>
    <subfield code="a">16</subfield>
    <subfield code="b">16</subfield>
    <subfield code="d">2015-03-25</subfield>
    <subfield code="e">91</subfield>
    <subfield code="l">2</subfield>
    <subfield code="m">3</subfield>
    <subfield code="p">16-B-1356</subfield>
    <subfield code="r">2018-06-11</subfield>
    <subfield code="s">2018-06-05</subfield>
    <subfield code="w">2017-06-30</subfield>
    <subfield code="y">01</subfield>
  </datafield>
  <datafield tag="952" ind1=" " ind2=" ">
    <subfield code="0">0</subfield>
    <subfield code="1">0</subfield>
    <subfield code="2">ddc</subfield>
    <subfield code="4">0</subfield>
    <subfield code="7">0</subfield>
    <subfield code="a">16</subfield>
    <subfield code="b">16</subfield>
    <subfield code="d">2015-03-25</subfield>
    <subfield code="e">91</subfield>
    <subfield code="l">1</subfield>
    <subfield code="m">1</subfield>
    <subfield code="p">16-B-1357</subfield>
    <subfield code="r">2018-05-14</subfield>
    <subfield code="s">2018-05-10</subfield>
    <subfield code="w">2017-06-30</subfield>
    <subfield code="y">01</subfield>
  </datafield>
  <datafield tag="952" ind1=" " ind2=" ">
    <subfield code="0">0</subfield>
    <subfield code="1">0</subfield>
    <subfield code="2">ddc</subfield>
    <subfield code="4">0</subfield>
    <subfield code="7">0</subfield>
    <subfield code="a">16</subfield>
    <subfield code="b">16</subfield>
    <subfield code="d">2015-03-25</subfield>
    <subfield code="e">91</subfield>
    <subfield code="l">2</subfield>
    <subfield code="m">1</subfield>
    <subfield code="p">16-B-1358</subfield>
    <subfield code="r">2018-06-08</subfield>
    <subfield code="s">2018-05-30</subfield>
    <subfield code="w">2017-06-30</subfield>
    <subfield code="y">01</subfield>
  </datafield>
  <datafield tag="952" ind1=" " ind2=" ">
    <subfield code="0">0</subfield>
    <subfield code="1">0</subfield>
    <subfield code="2">ddc</subfield>
    <subfield code="4">0</subfield>
    <subfield code="7">0</subfield>
    <subfield code="a">16</subfield>
    <subfield code="b">16</subfield>
    <subfield code="d">2015-03-25</subfield>
    <subfield code="e">91</subfield>
    <subfield code="l">2</subfield>
    <subfield code="m">2</subfield>
    <subfield code="p">16-B-1359</subfield>
    <subfield code="r">2018-05-28</subfield>
    <subfield code="s">2018-05-11</subfield>
    <subfield code="w">2017-06-30</subfield>
    <subfield code="y">01</subfield>
  </datafield>
  <datafield tag="952" ind1=" " ind2=" ">
    <subfield code="0">0</subfield>
    <subfield code="1">0</subfield>
    <subfield code="2">ddc</subfield>
    <subfield code="4">0</subfield>
    <subfield code="7">0</subfield>
    <subfield code="a">16</subfield>
    <subfield code="b">16</subfield>
    <subfield code="d">2015-03-25</subfield>
    <subfield code="e">91</subfield>
    <subfield code="l">1</subfield>
    <subfield code="m">2</subfield>
    <subfield code="p">16-B-1360</subfield>
    <subfield code="r">2018-05-25</subfield>
    <subfield code="s">2018-05-10</subfield>
    <subfield code="w">2017-06-30</subfield>
    <subfield code="y">01</subfield>
  </datafield>
  <datafield tag="952" ind1=" " ind2=" ">
    <subfield code="0">0</subfield>
    <subfield code="1">0</subfield>
    <subfield code="2">ddc</subfield>
    <subfield code="4">0</subfield>
    <subfield code="7">0</subfield>
    <subfield code="a">16</subfield>
    <subfield code="b">16</subfield>
    <subfield code="d">2015-03-25</subfield>
    <subfield code="e">91</subfield>
    <subfield code="l">2</subfield>
    <subfield code="m">4</subfield>
    <subfield code="p">16-B-1361</subfield>
    <subfield code="r">2018-06-25</subfield>
    <subfield code="s">2018-06-05</subfield>
    <subfield code="w">2017-06-30</subfield>
    <subfield code="y">01</subfield>
  </datafield>
  <datafield tag="952" ind1=" " ind2=" ">
    <subfield code="0">0</subfield>
    <subfield code="1">0</subfield>
    <subfield code="2">ddc</subfield>
    <subfield code="4">0</subfield>
    <subfield code="7">0</subfield>
    <subfield code="a">16</subfield>
    <subfield code="b">16</subfield>
    <subfield code="d">2015-03-25</subfield>
    <subfield code="e">91</subfield>
    <subfield code="l">1</subfield>
    <subfield code="p">16-B-1362</subfield>
    <subfield code="r">2018-05-14</subfield>
    <subfield code="s">2018-05-10</subfield>
    <subfield code="w">2017-06-30</subfield>
    <subfield code="y">01</subfield>
  </datafield>
</record>
